000 01035nam a2200229Ia 4500
001 13474
005 20260417173150.0
008 260306t2007||||xx |||||||||||||| ||spa||
041 _aESP
082 _a004.22
_bP26
100 _aParhami, Behrooz
_eAUT
245 0 _aArquitectura de computadoras:
_bde los microprocesadores a las supercomputadoras
260 _c2007
300 _a000 páginas :
_c00 cm.
650 _aGEN
654 _aCCC
856 _uhttps://itmsp.museknowledge.com/UCSP?url=https://www.ebooks7-24.com:443/?il=3256&pg=1
_zVéase además: Diseño y evaluación de arquitecturas de computadoras. Versión digital
856 _uhttps://0u213wx65-y-https-ebooks7--24-com.itmsp.museknowledge.com/biblioteca.aspx
_zVéase además: Base de datos Ebook7-24
856 _uhttps://dl.acm.org/
_zVéase además: Base de datos ACM Digital Library
856 _uhttps://0u206wx69-y-https-ieeexplore-ieee-org.itmsp.museknowledge.com/Xplore/home.jsp
_zVéase además: Base de datos IEEE Xplore
942 _cLIB
_dJUS
_fJUS
_2ddc
999 _c13474
_d13474